Seriál: Finančné trhy pre začiatočníkov
Pokračovanie série príspevkov o teórii úročenia. Výpočet a ilustračný príklad.
Salvato in:
| Autore principale: | |
|---|---|
| Natura: | Capitolo di libro |
| Lingua: | slovacco |
| Soggetti: | |
| Tags: |
Nessun Tag, puoi essere il primo ad aggiungerne!!
|
MARC
| LEADER | 00000nla$a2200000$$$4500 | ||
|---|---|---|---|
| 001 | 0054039 | ||
| 005 | 20240502071627.5 | ||
| 041 | 0 | |a slo | |
| 044 | |a SK | ||
| 245 | 1 | 0 | |a Seriál: Finančné trhy pre začiatočníkov |
| 520 | |a Pokračovanie série príspevkov o teórii úročenia. Výpočet a ilustračný príklad. | ||
| 610 | 2 | 0 | |a trh finančný |
| 610 | 2 | 0 | |a úrok |
| 610 | 2 | 0 | |a dlžníci |
| 610 | 2 | 0 | |a sadzby úrokové |
| 610 | 2 | 0 | |a pojmy |
| 100 | 1 | |a Pilch, Ctibor, 1957- | |